000 00625nam a22001937a 4500
999 _c177067
_d177067
005 20210208110217.0
010 _aUR-11020
020 _c375.00
_a9788194723691
035 _aU-9575
037 _bDBAD/PUB
082 _aن
100 _dمحسن خا ن
245 _aا للہ ميا ں کا کا ر خا نہ
_cمحسن خا ن
246 _bAllah Mian Ka Karkhana (Urdu)
_aby Mohsin Khan
260 _aN.Delhi
_bM.R. Publications
_c2020 ء
270 _a# 10 Metropole Market,2724-25First Floor,Kucha Chelan,Darya Ganj,
_bN.Delhi
_e110002
_l-
300 _a200 ص
_c22 Cm(Hb)
942 _2ddc
_cUR
_hن
_mم ح س